zpět

Detail výsledku týmu

Bar U Souseda, Plzeň

Datum a čas kvízu

24 Celkem bodů Celkový počet nahraných bodů na tomto kvízu bez doplňovacích otázek.
5. Pořadí na kvízu Konečné umístění týmu na tomto kvízu.

Zaznamenané odpovědi

# Otázka Odpověď Body Výsledky
1. Sociální demokraté si na svém... Ondřej Veselý, Michal Šmarda, Jana Maláčová, Tomáš Petříček, Roman Onderka 0
2. Hasiči z hesenského Bensheimu... krysu 1
3. Dlouho očekávané tmavé téma do... Messenger 0
4. Irský oděvní řetězec, populárn... Primark 1
5. Český cyklista Zdeněk Štybar o... v Belgii 0
6. Karlovy Vary, Kutná Hora, Klad... Klatovy 1
7. Oganesson, xenon, radon, argon... neon 0
8. Babiš, Sobotka, Zeman, Topolán... Josef Tošovský 0
9. Bohdalová, Kubišová, Rettigová... Milada Horáková 1
10. Komedie omylů, Zkrocení zlé že... Veselé paničky windsorské 0